000 00683nam a22002177a 4500
003 UA-OsUOA
001 78679
007 ta
008 20111018b un ||||| |||| 00| 0 ukr d
100 _aПолякова Т.М.
090 _a81
_bП54
942 _cSA
040 _aUA-OsUOA
_bukr
_cUA-OsUOA
_dUA-OsUOA
245 _aЛінгвокультурологічне відображення реалій козацької доби у словнику В.І. Даля
300 _aС.46-56
955 _a0
041 _aukr
080 _a81
773 0 _w78676
650 7 _a8 Мовознавство. Художня література. Літературознавство
_2UDC
999 _c364995
_d364995